00426nam a22001577a 450000500170000001000170001702000250003403500170005903700220007608200060009810000210010424500460012526000330017127000380020430000260024220140128124724.0 aB-508681-704 a9781905863310c99.00 aB-508681-704 adplbStar Pub/Ven aN aDumas, Alexandre aThe three musketeers/cby Alexandre Dumas aLondonbibs Books (UK)c2012 a55, Warren StreetbLondoneWIT5NW a136p:bill.c20cm(Hb)